000 00776nam a2200265Ia 4500
003 GCL
008 140319s9999 xx 000 0 ara d
040 _aGCL /
_cGCL
082 0 4 _a330
_bن ا
100 1 _aنعمةالله نجيب ابراهيم
245 1 0 _aاسس علم الاقتصاد /
_cنعمةالله نجيب ابراهيم
260 _a[S.N] :
_bمؤسسة شباب الجامعة ،
_c1994
300 _a461 ص
490 _a
650 0 4 _aالاقتصاد
650 0 4 _aالاحوال الاقتصادية
650 0 4 _aنظريات
650 0 4 _aالتنمية الاقتصادية
650 0 4 _aالنقود
650 0 4 _aالاجتماع
650 0 4 _aالانتاج
650 0 4 _aالسوق
650 0 4 _aالعرض
942 _2ddc
_cBK
999 _c28550
_d28550